000 00333nam a2200133Ia 4500
005 20260326100047.0
008 260326s9999||||xx |||||||||||||| ||und||
100 _aOlivar Daydí, Marçal
245 0 _aLa porcelana en Europa /
_cMarçal Olivar Daydí
260 _bSeix Barral
300 _a423 p.
650 _aHISTORIA
942 _cBK
999 _c7223
_d7223